Podíl ČSVTS na práci Evropské organizace pro řízení jakosti (EOQC)

Bibliographic Details
Main Author: Štětina, Bohumil (Author)
Format: Article
Language:Slovak
Czech
Subjects:

MARC

LEADER 00000nab a2200000 a 4500
001 vtls000003174
003 SK-MaSNL
005 20260304224640.0
008 250423c1978 xo 0 slo
015 |a SNBRB19rr/mm-uuuuu 
035 |a CL0013266 
035 |a urn:nbn:sk:snk-abb6r9 
035 |a (urnnbn)urn:nbn:sk:snk:ar-00571r 
035 |a (uuid)beff26d1-d4dd-4d7b-af5a-8c6be6b58b67 
040 |a SNKBUCL  |b slo  |c SNKBUCL  |e AACR2 
041 0 |a cze 
044 |a xo  |c SK 
080 |a 608:061.2  |2 1981 
080 |a 061.2  |2 1981 
100 1 |a Štětina, Bohumil  |4 aut  |9 1118914 
245 1 0 |a Podíl ČSVTS na práci Evropské organizace pro řízení jakosti (EOQC)  |c Bohumil Štětina ; Bohumil Štetina 
610 2 7 |a Československá vedecko-technická spoločnosť  |2 snkbucl  |9 440198 
650 0 7 |a výrobky  |2 snkbucl  |9 4992 
650 0 7 |a kvalita  |2 snkbucl  |9 1150 
650 0 7 |a medzinárodné inštitúcie a organizácie  |2 snkbucl  |9 73817 
655 7 |a články z novín a časopisov  |2 snkbucl  |9 267496 
700 1 |a Štětina, Bohumil  |4 aut  |9 1118914 
773 0 |t Technická práca  |g Roč. 30, č. 6 (1978), s. 68-69 
850 |a Slovenská národná knižnica 
852 |a Slovenská národná knižnica 
958 |a article15 
958 |a RK 
958 |a OND 
958 |a EUIPO 
992 |a RBX 
999 |c 3173513  |d 3175443